000 00278nam a2200121Ia 4500
008 190216s9999||||xx |||||||||||||| ||und||
100 _aStanley Weyman
245 2 _aA Gentleman Of France
260 _bLongmans
_c1965
300 _a154p
650 _aEnglish Novel
942 _cBK
999 _c11716
_d11716